| 000 | 00595nam a2200145 a 4500 | ||
|---|---|---|---|
| 005 | 20140310183210.0 | ||
| 008 | 030423s19uu xx 00 eng d | ||
| 050 |
_aBR 45 _b.In57 1973 vol.1 |
||
| 245 |
_aInspiration three : _cwith a special introduction by David Poling. _bthree famous classics in one book. Vol.1 / |
||
| 260 |
_aNew Canaan ; _bKeats Publishing, Inc., _c1973. |
||
| 300 |
_a131 p. : _c17 cm. |
||
| 500 | _a1. Acres of Diamonds by Russell Conwell. -- 2. Essay on Self-Reliance by Ralph Waldo Emerson. -- 3. As A Man Thinketh by James Allen. | ||
| 942 |
_cBK _2lcc |
||
| 999 |
_c20092 _d20092 |
||